000 00718nam a2200229 i 4500
001 bgj
245 0 0 _aLessing "Nathan der Weise" /
_cHerausgegeben von Klaus Bohnen.
260 _aDarmstadt :
_bWissenschaftliche Buchgesellschaft,
_c1984.
300 _aVII, 491 S. ;
_c20 cm.
490 1 _aWege der Forschung ;
_vBand 587
504 _aBibliographie S. [473]-483.
505 _aRegister.
600 1 9 _aLessing, Gotthold Ephraim, 1729-1781. Nathan der Weise
_xLiteratur über die Werke
700 1 _aBOHNEN, Klaus.
_eHrsg.
830 _aWege der Forschung ;
020 _a3534083857
040 _cBPK
041 0 _ager
920 _a3-534-08385-7
942 _cKS
008 s gw f |000 0 ger
999 _c50460
_d50460
856 _uhttp://koha.tu.koszalin.pl/cgi-bin/koha/opac-detail.pl?biblionumber=50460
_yKatalog online BPK